|
|
|
|
| LEADER |
00000naa2a2200000 4500 |
| 001 |
617701 |
| 005 |
20231101132955.0 |
| 035 |
|
|
|a (RuTPU)RU\TPU\conf\16014
|
| 035 |
|
|
|a RU\TPU\conf\16013
|
| 090 |
|
|
|a 617701
|
| 100 |
|
|
|a 20160321d2016 k y0rusy50 ca
|
| 101 |
0 |
|
|a rus
|g rus
|
| 102 |
|
|
|a RU
|
| 105 |
|
|
|a y z 101zy
|
| 135 |
|
|
|a drcn ---uucaa
|
| 181 |
|
0 |
|a i
|
| 182 |
|
0 |
|a b
|
| 200 |
1 |
|
|a Использование разных типов связей в Autodesk 3DS Max для моделирования узла подвески автомобиля
|f С. С. Тоноян
|g науч. рук. А. В. Шкляр
|
| 203 |
|
|
|a Текст
|c электронный
|
| 225 |
1 |
|
|a Компьютерная графика и дизайн
|
| 230 |
|
|
|a 1 компьютерный файл (pdf; 382 Кb)
|
| 300 |
|
|
|a Заглавие с титульного экрана
|
| 320 |
|
|
|a [Библиогр.: с. 159 (3 назв.)]
|
| 337 |
|
|
|a Adobe Reader
|
| 461 |
|
1 |
|0 (RuTPU)RU\TPU\conf\15701
|t Молодежь и современные информационные технологии
|o сборник трудов XIII Международной научно-практической конференции студентов, аспирантов и молодых ученых, г. Томск, 9-13 ноября 2015 г.
|o в 2 т.
|f Национальный исследовательский Томский политехнический университет (ТПУ), Институт кибернетики (ИК) ; под ред. Т. Е. Мамоновой [и др.]
|d 2016
|
| 463 |
|
0 |
|0 (RuTPU)RU\TPU\conf\15706
|t Т. 2
|v [С. 158-159]
|d 2016
|
| 610 |
1 |
|
|a труды учёных ТПУ
|
| 610 |
1 |
|
|a электронный ресурс
|
| 610 |
1 |
|
|a Autodesk
|
| 610 |
1 |
|
|a моделирование
|
| 610 |
1 |
|
|a подвески
|
| 610 |
1 |
|
|a автомобили
|
| 610 |
1 |
|
|a 3D
|
| 700 |
|
1 |
|a Тоноян
|b С. С.
|c специалист в области начертательной геометрии и инженерной графики
|c лаборант Томского политехнического университета
|f 1991-
|g Сурен Самвелович
|2 stltpush
|3 (RuTPU)RU\TPU\pers\37348
|
| 702 |
|
1 |
|a Шкляр
|b А. В.
|c специалист в области информационных технологий
|c заведующий лабораторией Томского политехнического университета
|f 1970-
|g Алексей Викторович
|2 stltpush
|4 727
|
| 712 |
0 |
2 |
|a Национальный исследовательский Томский политехнический университет (ТПУ)
|b Институт кибернетики (ИК)
|b Кафедра инженерной графики и промышленного дизайна (ИГПД)
|h 7273
|2 stltpush
|3 (RuTPU)RU\TPU\col\18737
|
| 801 |
|
2 |
|a RU
|b 63413507
|c 20160930
|g RCR
|
| 856 |
4 |
|
|u http://earchive.tpu.ru/handle/11683/17019
|
| 942 |
|
|
|c BK
|